[Event "POL-chT 1st League"]
[Site "Darlowo"]
[Date "2024.09.21"]
[Round "8.26"]
[White "Borgula, Rafal"]
[Black "Pyda, Zbigniew"]
[Result "1/2-1/2"]
[WhiteElo "2195"]
[BlackElo "2229"]
[PlyCount "37"]
[EventDate "2024.09.14"]
[EventType "team-swiss"]
[EventRounds "9"]
[EventCountry "POL"]
[SourceTitle "EXT 2025"]
[Source "ChessBase"]
[SourceDate "2024.10.14"]
[SourceVersion "1"]
[SourceVersionDate "2024.10.14"]
[SourceQuality "1"]

1. Nf3 c5 2. e4 Nf6 3. Nc3 Nc6 4. d4 cxd4 5. Nxd4 e5 6. Ndb5 d6 7. Bg5 a6 8. Na3 Be6 9. Nc4 b5 10. Ne3 Be7 11. Bxf6 Bxf6 12. Ncd5 Bg5 13. c3 0-0 14. Be2 Ne7 15. 0-0 Bxe3 16. Nxe3 d5 17. exd5 Nxd5 18. Nxd5 Bxd5 19. Re1 1/2-1/2

[Event "POL-chT 1st League"]
[Site "Leba"]
[Date "2023.09.28"]
[Round "6.10"]
[White "Pyda, Zbigniew"]
[Black "Czyz, Artur"]
[Result "1/2-1/2"]
[WhiteElo "2268"]
[BlackElo "1882"]
[PlyCount "45"]
[EventDate "2023.09.23"]
[EventType "team-swiss"]
[EventRounds "9"]
[EventCountry "POL"]
[SourceTitle "CBM 216 Extra"]
[Source "ChessBase"]
[SourceDate "2023.11.30"]
[SourceVersion "1"]
[SourceVersionDate "2023.11.30"]
[SourceQuality "1"]
[WhiteTeam "Lublin LKSz"]
[BlackTeam "Chroscice Victoria"]
[WhiteTeamCountry "POL"]
[BlackTeamCountry "POL"]

1. d4 Nf6 2. c4 g6 3. Nc3 Bg7 4. e4 d6 5. h3 0-0 6. Bg5 c5 7. d5 e6 8. Bd3 exd5 9. exd5 Re8+ 10. Kf1 h6 11. Bd2 Bf5 12. Bxf5 gxf5 13. Nge2 Ne4 14. Nxe4 fxe4 15. Qc2 Nd7 16. Ng3 Bd4 17. Nf5 Qf6 18. Nxh6+ Kg7 19. Ng4 Qg6 20. Bf4 f5 21. Ne3 Be5 22. g3 Rg8 23. Qe2 1/2-1/2

[Event "POL-chT 1st League"]
[Site "Sypniewo"]
[Date "2022.09.08"]
[Round "6.8"]
[White "Raczynski, Krzysztof"]
[Black "Pyda, Zbigniew"]
[Result "0-1"]
[WhiteElo "2195"]
[BlackElo "2277"]
[PlyCount "84"]
[EventDate "2022.09.03"]
[EventType "team-swiss"]
[EventRounds "9"]
[EventCountry "POL"]
[SourceTitle "CBM 210 Extra"]
[Source "ChessBase"]
[SourceDate "2022.11.30"]
[SourceVersion "1"]
[SourceVersionDate "2022.11.30"]
[SourceQuality "1"]
[WhiteTeam "Chrobry Gniezno"]
[BlackTeam "Lublin LKSz"]
[WhiteTeamCountry "POL"]
[BlackTeamCountry "POL"]

1. e4 c5 2. Nf3 Nc6 3. d4 cxd4 4. Nxd4 Nf6 5. Nc3 e5 6. Ndb5 d6 7. Bg5 a6 8. Na3 Be6 9. Nc4 b5 10. Ne3 Be7 11. Bxf6 Bxf6 12. a4 b4 13. Ncd5 Bg5 14. Bd3 0-0 15. 0-0 a5 16. Bb5 Nd4 17. Qd3 Rc8 18. Bc4 Rc5 19. b3 Bh6 20. Rad1 g6 21. f4 f5 22. Kh1 Bg7 23. fxe5 dxe5 24. c3 bxc3 25. Nxc3 Bxc4 26. Nxc4 Qh4 27. Rb1 Rd8 28. Rbd1 h6 29. g3 Qh3 30. Nd5 Kh7 31. Qe3 Rb8 32. Rb1 Rxb3 33. Qg1 Rxc4 34. Rxb3 Nxb3 35. exf5 gxf5 36. Ne3 Rc7 37. Nxf5 Rc2 38. Ne3 Re2 39. Rf3 e4 40. Rf4 Nd2 41. Rh4 Nf3 42. Rxh3 Nxg1 0-1

[Event "POL-chT 1st League"]
[Site "Sypniewo"]
[Date "2022.09.07"]
[Round "5.8"]
[White "Pyda, Zbigniew"]
[Black "Rozycki, Bartlomiej"]
[Result "0-1"]
[WhiteElo "2277"]
[BlackElo "2172"]
[PlyCount "94"]
[EventDate "2022.09.03"]
[EventType "team-swiss"]
[EventRounds "9"]
[EventCountry "POL"]
[SourceTitle "CBM 210 Extra"]
[Source "ChessBase"]
[SourceDate "2022.11.30"]
[SourceVersion "1"]
[SourceVersionDate "2022.11.30"]
[SourceQuality "1"]
[WhiteTeam "Lublin LKSz"]
[BlackTeam "Chylice Laura"]
[WhiteTeamCountry "POL"]
[BlackTeamCountry "POL"]

1. d4 e6 2. c4 Nf6 3. Nf3 b6 4. g3 Ba6 5. Qc2 Bb4+ 6. Bd2 Be7 7. Bg2 c6 8. 0-0 d5 9. Ne5 Nfd7 10. Nxd7 Nxd7 11. cxd5 cxd5 12. Nc3 0-0 13. Rfe1 Nf6 14. Qa4 Bb7 15. Rac1 a6 16. Qb3 Rc8 17. Na4 b5 18. Nc5 Qb6 19. Qa3 Rc6 20. b4 Rfc8 21. Qd3 Rd8 22. a3 Rcc8 23. Rc2 Ne4 24. Rec1 Nd6 25. Ra2 Bc6 26. h4 Nc4 27. h5 h6 28. Be1 Bf6 29. f4 Ra8 30. e3 Qc7 31. Bf3 Kh8 32. Rg2 Be7 33. g4 Bxc5 34. bxc5 f5 35. Kh1 a5 36. Bf2 b4 37. gxf5 exf5 38. axb4 axb4 39. Rcg1 Rf8 40. Rg6 Rf7 41. Bh4 Ra3 42. Qf1 Nxe3 43. Qf2 Ng4 44. Bxg4 fxg4 45. R1xg4 Bd7 46. Rg2 Bf5 47. Kh2 Bxg6 0-1

[Event "POL-chT 2nd League"]
[Site "Sypniewo"]
[Date "2021.09.12"]
[Round "9.4"]
[White "Kujawski, Adam"]
[Black "Pyda, Zbigniew"]
[Result "1-0"]
[WhiteElo "2239"]
[BlackElo "2283"]
[PlyCount "187"]
[EventDate "2021.09.04"]
[EventType "team-swiss"]
[EventRounds "9"]
[EventCountry "POL"]
[SourceTitle "CBM 204 Extra"]
[Source "ChessBase"]
[SourceDate "2021.11.30"]
[SourceVersion "1"]
[SourceVersionDate "2021.11.30"]
[SourceQuality "1"]
[WhiteTeam "Bydgoszcz Hetman"]
[BlackTeam "Lublin Drakon SKOK Chmielewskiego"]
[WhiteTeamCountry "POL"]
[BlackTeamCountry "POL"]

1. Nf3 c5 2. c4 Nc6 3. Nc3 g6 4. g3 Bg7 5. Bg2 e5 6. d3 Nge7 7. 0-0 0-0 8. Rb1 d6 9. a3 a5 10. Ne1 Be6 11. Nd5 Rb8 12. Nc2 b5 13. Bg5 f6 14. Bd2 f5 15. b4 axb4 16. axb4 bxc4 17. dxc4 e4 18. bxc5 dxc5 19. Rxb8 Qxb8 20. Bf4 Be5 21. Nce3 Kf7 22. Bxe5 Qxe5 23. Nxe7 Kxe7 24. Qa4 Rc8 25. Rb1 Rc7 26. Bf1 g5 27. Rb6 Nd8 28. Rxe6+ Nxe6 29. Nd5+ Kf7 30. Nxc7 Qxc7 31. e3 g4 32. h4 Nf8 33. Be2 Nd7 34. Bd1 Ne5 35. Qa8 Qd6 36. Ba4 Kg7 37. Qb7+ Kh6 38. Kg2 Nf3 39. Qf7 Qe5 40. Qf8+ Qg7 41. Qxf5 Ne1+ 42. Kh1 Nd3 43. Kh2 Qg6 44. Qf8+ Qg7 45. Qf5 Qg6 46. Qf8+ Qg7 47. Qd6+ Qg6 48. Qxg6+ Kxg6 49. Kg2 Kf6 50. Kf1 Ke6 51. Bc6 Ke5 52. Bd5 h6 53. Bf7 Kf6 54. Bd5 Ke5 55. Bf7 Kf6 56. Be8 Ne5 57. Bb5 Nd3 58. Ba6 Ke5 59. Bc8 Nb2 60. Bxg4 Nxc4 61. Ke2 Nb6 62. Kd2 Kd5 63. Kc3 Na4+ 64. Kc2 Nb6 65. Bh5 Ke6 66. Kc3 Kf6 67. Bd1 Kf5 68. Bc2 Ke5 69. Bb1 Kf5 70. f3 Nd5+ 71. Kd2 Nf6 72. Kc3 Nd5+ 73. Kc4 Nxe3+ 74. Kxc5 Nf1 75. Bxe4+ Ke5 76. g4 Nd2 77. Bd5 Nf1 78. h5 Nh2 79. Kc6 Kf4 80. Kd6 Nf1 81. Ke6 Ne3 82. Be4 Kg5 83. Ke5 Nc4+ 84. Ke6 Ne3 85. Kf7 Ng2 86. Ke7 Ne3 87. Ke6 Nc4 88. Bd5 Nb2 89. Bc6 Nc4 90. Bb5 Na5 91. Ke5 Nb7 92. Be2 Nd8 93. f4+ Kh4 94. Kf6 1-0

[Event "POL-chT 2nd League"]
[Site "Sypniewo"]
[Date "2021.09.07"]
[Round "4.1"]
[White "Pyda, Zbigniew"]
[Black "Szotkowski, Jakub"]
[Result "1/2-1/2"]
[WhiteElo "2283"]
[BlackElo "2353"]
[PlyCount "99"]
[EventDate "2021.09.04"]
[EventType "team-swiss"]
[EventRounds "9"]
[EventCountry "POL"]
[SourceTitle "CBM 204 Extra"]
[Source "ChessBase"]
[SourceDate "2021.11.30"]
[SourceVersion "1"]
[SourceVersionDate "2021.11.30"]
[SourceQuality "1"]
[WhiteTeam "Lublin Drakon SKOK Chmielewskiego"]
[BlackTeam "Kopernik WKS"]
[WhiteTeamCountry "POL"]
[BlackTeamCountry "POL"]

1. d4 Nf6 2. Nf3 d5 3. c4 c6 4. Nc3 a6 5. cxd5 cxd5 6. Bf4 Nc6 7. e3 Bg4 8. Be2 e6 9. 0-0 Bd6 10. Bxd6 Qxd6 11. a3 0-0 12. Nd2 Bxe2 13. Qxe2 Na5 14. Na4 Rac8 15. Nc5 e5 16. b4 exd4 17. exd4 Rfe8 18. Qd3 b6 19. Nxa6 Nc4 20. Nf3 Ne4 21. b5 Qd7 22. a4 Qd6 23. Rfe1 Re6 24. Rac1 Rce8 25. Re2 f5 26. Rce1 Rh6 27. h3 Rc8 28. Ne5 Re6 29. Nc6 Rce8 30. Nab4 g6 31. Nc2 f4 32. Ne5 Nxe5 33. dxe5 Rxe5 34. Nd4 Nc5 35. Qd2 Rxe2 36. Rxe2 Re4 37. f3 Rxe2 38. Nxe2 Nxa4 39. Nxf4 d4 40. g3 Nc3 41. Qb2 Kg7 42. Kg2 Qe5 43. Qb4 Ne2 44. Nxe2 Qxe2+ 45. Kg1 Qe3+ 46. Kg2 d3 47. Qc3+ Kh6 48. Qf6 Qc5 49. h4 d2 50. Qf4+ 1/2-1/2

[Event "POL-chT 2nd League"]
[Site "Poronin"]
[Date "2020.09.11"]
[Round "7.16"]
[White "Zakrzewski, Marek"]
[Black "Pyda, Zbigniew"]
[Result "1-0"]
[WhiteElo "2267"]
[BlackElo "2293"]
[PlyCount "71"]
[EventDate "2020.09.05"]
[EventType "team-swiss"]
[EventRounds "9"]
[EventCountry "POL"]
[SourceTitle "CBM 198 Extra"]
[Source "ChessBase"]
[SourceDate "2020.11.30"]
[SourceVersion "1"]
[SourceVersionDate "2020.11.30"]
[SourceQuality "1"]
[WhiteTeam "Lipno Steszew"]
[BlackTeam "Lublin LKSz"]
[WhiteTeamCountry "POL"]
[BlackTeamCountry "POL"]

1. e4 c5 2. Nf3 Nc6 3. d4 cxd4 4. Nxd4 Nf6 5. Nc3 e5 6. Ndb5 d6 7. Bg5 a6 8. Na3 b5 9. Bxf6 gxf6 10. Nd5 f5 11. g3 Bg7 12. Bg2 0-0 13. exf5 e4 14. Qh5 Re8 15. 0-0 Re5 16. Ne3 d5 17. c3 Ne7 18. Bh3 Rb8 19. Nac2 Rb6 20. f4 exf3 21. Qxf3 Rh6 22. Ng4 Rxh3 23. Nxe5 Qb6+ 24. Nd4 Nxf5 25. Rf2 Nd6 26. Nxf7 Ne4 27. Nh6+ Kh8 28. Qf7 Qd8 29. Nhf5 Bxd4 30. cxd4 Bxf5 31. Rxf5 Rh6 32. Qxd5 Qxd5 33. Rxd5 Rc6 34. Re1 Nd2 35. Re7 Rc8 36. Rdd7 1-0

[Event "POL-chT 2nd League"]
[Site "Poronin"]
[Date "2020.09.10"]
[Round "6.12"]
[White "Pyda, Zbigniew"]
[Black "Kasperek, Ryszard"]
[Result "1/2-1/2"]
[WhiteElo "2293"]
[BlackElo "2179"]
[PlyCount "84"]
[EventDate "2020.09.05"]
[EventType "team-swiss"]
[EventRounds "9"]
[EventCountry "POL"]
[SourceTitle "CBM 198 Extra"]
[Source "ChessBase"]
[SourceDate "2020.11.30"]
[SourceVersion "1"]
[SourceVersionDate "2020.11.30"]
[SourceQuality "1"]
[WhiteTeam "Lublin LKSz"]
[BlackTeam "Debica Gryf"]
[WhiteTeamCountry "POL"]
[BlackTeamCountry "POL"]

1. d4 Nf6 2. c4 e6 3. Nf3 c5 4. d5 exd5 5. cxd5 d6 6. Nc3 g6 7. Bg5 h6 8. Bh4 Nbd7 9. h3 b5 10. Bxf6 Nxf6 11. e3 a6 12. Bd3 Bg7 13. 0-0 0-0 14. e4 Re8 15. Re1 c4 16. Bc2 b4 17. Ne2 Bd7 18. Ned4 Qb6 19. Qd2 a5 20. Rad1 a4 21. e5 dxe5 22. Nxe5 Qc5 23. Qf4 b3 24. Bb1 a3 25. bxa3 Rxe5 26. Rxe5 bxa2 27. Bxa2 Rxa3 28. d6 Qb4 29. Nc2 Qa4 30. Nxa3 Qxd1+ 31. Kh2 c3 32. Ra5 c2 33. Ra8+ Kh7 34. Nxc2 Qxc2 35. Bxf7 Qc6 36. Ra5 Qb6 37. Ra3 Nh5 38. Qe3 Qxd6+ 39. g3 Qf6 40. Bc4 Qc6 41. Bd3 Nf6 42. Ra5 Bxh3 1/2-1/2

[Event "POL-chT 2nd League"]
[Site "Poronin"]
[Date "2020.09.09"]
[Round "5.8"]
[White "Pyda, Zbigniew"]
[Black "Niedbala, Bartlomiej"]
[Result "0-1"]
[WhiteElo "2293"]
[BlackElo "2356"]
[PlyCount "120"]
[EventDate "2020.09.05"]
[EventType "team-swiss"]
[EventRounds "9"]
[EventCountry "POL"]
[SourceTitle "CBM 198 Extra"]
[Source "ChessBase"]
[SourceDate "2020.11.30"]
[SourceVersion "1"]
[SourceVersionDate "2020.11.30"]
[SourceQuality "1"]
[WhiteTeam "Lublin LKSz"]
[BlackTeam "Jastrzebie Zdroj Pionier"]
[WhiteTeamCountry "POL"]
[BlackTeamCountry "POL"]

1. d4 Nf6 2. Nf3 e6 3. Bg5 h6 4. Bh4 d6 5. c4 g5 6. Bg3 Nh5 7. Nc3 Bg7 8. e3 Nxg3 9. hxg3 Nc6 10. g4 Qe7 11. Be2 Bd7 12. Qb3 0-0-0 13. 0-0-0 Rdf8 14. Bd3 Kb8 15. Kb1 Qe8 16. Rc1 Ne7 17. Be4 c6 18. Qa3 Nc8 19. Rhd1 f5 20. gxf5 exf5 21. Bd3 f4 22. Re1 Qd8 23. Ne4 fxe3 24. fxe3 Bf5 25. Ng3 Bxd3+ 26. Qxd3 g4 27. Nd2 h5 28. Nf5 Qg5 29. e4 h4 30. Rh1 Bf6 31. Rcf1 Rfg8 32. Kc2 Qg6 33. b4 Bg5 34. Nb1 Rh7 35. Nc3 Rgh8 36. a3 Qe6 37. Re1 h3 38. g3 Bf6 39. c5 dxc5 40. bxc5 Bd8 41. Rb1 Rf8 42. Rb2 Rd7 43. Rhb1 Ka8 44. Qa6 Nb6 45. Qd3 Nc4 46. Rb3 Na5 47. Rb4 Bc7 48. Rf1 Rfd8 49. Qe2 b6 50. cxb6 Bxb6 51. Qa6 Rb8 52. Rfb1 Rdb7 53. d5 cxd5 54. Nxd5 Qc6+ 55. Kd1 h2 56. Kd2 h1Q 57. Rxb6 Qg2+ 58. Kd3 Qgc2+ 59. Ke3 Nc4+ 60. Kf4 Qf2+ 0-1

[Event "POL-chT 2nd League"]
[Site "Poronin"]
[Date "2020.09.07"]
[Round "3.7"]
[White "Pyda, Zbigniew"]
[Black "Kolosowski, Mateusz"]
[Result "1-0"]
[WhiteElo "2293"]
[BlackElo "2469"]
[PlyCount "75"]
[EventDate "2020.09.05"]
[EventType "team-swiss"]
[EventRounds "9"]
[EventCountry "POL"]
[SourceTitle "CBM 198 Extra"]
[Source "ChessBase"]
[SourceDate "2020.11.30"]
[SourceVersion "1"]
[SourceVersionDate "2020.11.30"]
[SourceQuality "1"]
[WhiteTeam "Lublin LKSz"]
[BlackTeam "Kopernik WKS"]
[WhiteTeamCountry "POL"]
[BlackTeamCountry "POL"]

1. d4 Nf6 2. c4 g6 3. Nc3 d5 4. cxd5 Nxd5 5. Na4 e5 6. dxe5 Nc6 7. Nf3 Bg4 8. a3 Qd7 9. e4 Nb6 10. Qxd7+ Nxd7 11. Be3 Bxf3 12. gxf3 Ndxe5 13. Be2 0-0-0 14. Rd1 Rxd1+ 15. Kxd1 h5 16. Kc2 Bh6 17. f4 Ng4 18. Bc4 Nxe3+ 19. fxe3 Rf8 20. Rg1 Ne7 21. Nc5 Nc6 22. b4 Nd8 23. e5 Rh8 24. e6 fxe6 25. Nxe6 Nf7 26. Rxg6 Nd6 27. Kd3 b6 28. e4 Kd7 29. e5 Nc8 30. Ke4 Ne7 31. Rf6 c6 32. b5 c5 33. f5 Ke8 34. Nc7+ Kd8 35. Nd5 Bf8 36. Rd6+ Kc8 37. Nxe7+ Bxe7 38. Be6+ 1-0

[Event "POL-chT 2nd League"]
[Site "Poronin"]
[Date "2020.09.06"]
[Round "2.8"]
[White "Jankowiak, Tomasz"]
[Black "Pyda, Zbigniew"]
[Result "0-1"]
[WhiteElo "2154"]
[BlackElo "2293"]
[PlyCount "110"]
[EventDate "2020.09.05"]
[EventType "team-swiss"]
[EventRounds "9"]
[EventCountry "POL"]
[SourceTitle "CBM 198 Extra"]
[Source "ChessBase"]
[SourceDate "2020.11.30"]
[SourceVersion "1"]
[SourceVersionDate "2020.11.30"]
[SourceQuality "1"]
[WhiteTeam "Bogatynia UKS SP3"]
[BlackTeam "Lublin LKSz"]
[WhiteTeamCountry "POL"]
[BlackTeamCountry "POL"]

1. e4 c5 2. Nf3 Nc6 3. d4 cxd4 4. Nxd4 Nf6 5. Nc3 e5 6. Ndb5 d6 7. Bg5 a6 8. Na3 b5 9. Nd5 Be7 10. Bxf6 Bxf6 11. c4 b4 12. Nc2 a5 13. g3 0-0 14. Bg2 Bg5 15. 0-0 Be6 16. Qd3 Qb8 17. Rfd1 Bd8 18. b3 Bb6 19. Nxb6 Qxb6 20. a3 bxa3 21. Rxa3 Rab8 22. Qe3 Qxe3 23. Nxe3 Rfd8 24. f4 f6 25. Kf2 Rd7 26. Rd3 Kf8 27. Bf3 Ke7 28. Ke1 g6 29. Kd2 Rdb7 30. Bd1 Ra7 31. Kc3 Rc8 32. Rd2 Nd4 33. h4 Nb5+ 34. Kb2 Nxa3 35. Kxa3 a4 36. bxa4 Bxc4 37. Rc2 Rac7 38. a5 Be6 39. Rxc7+ Rxc7 40. f5 gxf5 41. exf5 Rc3+ 42. Kb4 Rxe3 43. fxe6 Rxg3 44. a6 Kxe6 45. Ba4 Rg7 46. Bb3+ d5 47. Kc5 Rc7+ 48. Kb6 Rc3 49. Ba4 Kd6 50. a7 Rc8 51. Kb7 Rc7+ 52. Kb6 Rxa7 53. Kxa7 Kc5 54. Kb7 e4 55. Kc7 f5 0-1

[Event "POL-chT 2nd League"]
[Site "Jastrzebia Gora"]
[Date "2019.09.11"]
[Round "5.14"]
[White "Pyda, Zbigniew"]
[Black "Rakowiecki, Andrzej"]
[Result "1-0"]
[WhiteElo "2322"]
[BlackElo "1917"]
[PlyCount "96"]
[EventDate "2019.09.07"]
[EventType "team-swiss"]
[EventRounds "9"]
[EventCountry "POL"]
[SourceTitle "EXT 2020"]
[Source "ChessBase"]
[SourceDate "2019.10.17"]
[SourceVersion "1"]
[SourceVersionDate "2019.10.17"]
[SourceQuality "1"]
[WhiteTeam "Lublin LKSz"]
[BlackTeam "Plock Stowarzyszenie"]
[WhiteTeamCountry "POL"]
[BlackTeamCountry "POL"]

1. d4 d6 2. c4 Nf6 3. Nc3 g6 4. e4 Bg7 5. h3 0-0 6. Bg5 h6 7. Be3 e5 8. d5 Nbd7 9. Bd3 c6 10. Qd2 cxd5 11. cxd5 Nc5 12. Bc2 Qa5 13. a3 Na6 14. Bxh6 b5 15. Bxg7 Kxg7 16. Nge2 b4 17. Na2 Rb8 18. 0-0 Qc5 19. Bd3 bxa3 20. bxa3 Rb3 21. Rfc1 Qb6 22. Nac3 Nc5 23. Bc2 Ba6 24. Ng3 Rc8 25. Bxb3 Nxb3 26. Nf5+ gxf5 27. Qg5+ Kf8 28. Rab1 Nxe4 29. Nxe4 Rxc1+ 30. Rxc1 fxe4 31. Rc6 Qa5 32. Qh6+ Ke8 33. Qxd6 Qe1+ 34. Kh2 Qxf2 35. Qxe5+ Kf8 36. Rxa6 Nd2 37. Qb8+ Ke7 38. Qxa7+ Qxa7 39. Rxa7+ Kd6 40. Kg1 f5 41. Rf7 e3 42. Rxf5 e2 43. Kf2 Ne4+ 44. Ke1 Nc3 45. h4 Kc5 46. Rf3 Nb5 47. h5 Kd6 48. h6 Ke5 1-0

[Event "POL-chT 2nd League"]
[Site "Jastrzebia Gora"]
[Date "2019.09.08"]
[Round "2.9"]
[White "Pyda, Zbigniew"]
[Black "Okrucinski, Tadeusz"]
[Result "1/2-1/2"]
[WhiteElo "2322"]
[BlackElo "2164"]
[PlyCount "60"]
[EventDate "2019.09.07"]
[EventType "team-swiss"]
[EventRounds "9"]
[EventCountry "POL"]
[SourceTitle "EXT 2020"]
[Source "ChessBase"]
[SourceDate "2019.10.17"]
[SourceVersion "1"]
[SourceVersionDate "2019.10.17"]
[SourceQuality "1"]
[WhiteTeam "Lublin LKSz"]
[BlackTeam "Czerwionka Leszczyny Skoczek"]
[WhiteTeamCountry "POL"]
[BlackTeamCountry "POL"]

1. d4 Nf6 2. c4 c5 3. d5 e6 4. Nc3 exd5 5. cxd5 d6 6. Nf3 g6 7. Bg5 Bg7 8. h3 0-0 9. e3 a6 10. a4 Nbd7 11. Be2 Re8 12. 0-0 Qc7 13. Nd2 Rb8 14. e4 b6 15. Qc2 c4 16. Bxc4 b5 17. axb5 axb5 18. Bd3 b4 19. Nd1 Qxc2 20. Bxc2 Nc5 21. f3 b3 22. Bb1 Ba6 23. Rf2 Nxd5 24. Rxa6 Nxa6 25. exd5 h6 26. Be3 Nb4 27. Nc4 Nxd5 28. Rd2 Nxe3 29. Ndxe3 d5 30. Rxd5 Bxb2 1/2-1/2

[Event "Dabrowica Jastkow Memorial op"]
[Site "Dabrowica"]
[Date "2009.01.04"]
[Round "4.1"]
[White "Bajkowski, Marcin"]
[Black "Pyda, Zbigniew"]
[Result "1/2-1/2"]
[WhiteElo "1843"]
[BlackElo "2321"]
[PlyCount "223"]
[EventDate "2009.01.02"]
[EventType "swiss"]
[EventRounds "5"]
[EventCountry "POL"]
[SourceTitle "EXT 2023"]
[Source "ChessBase"]
[SourceDate "2022.10.05"]
[SourceVersion "1"]
[SourceVersionDate "2022.10.05"]
[SourceQuality "1"]

1. d4 d5 2. Bg5 f5 3. e3 Nf6 4. Bxf6 exf6 5. Bd3 c6 6. c3 Bd6 7. Nf3 Be6 8. Qc2 g6 9. Nbd2 0-0 10. 0-0-0 Nd7 11. h4 h5 12. Rdg1 Kg7 13. Nh2 Bf7 14. f3 Rh8 15. Nhf1 c5 16. Qd1 Rc8 17. g4 hxg4 18. fxg4 f4 19. Kb1 Qb6 20. Nf3 cxd4 21. exd4 Rxc3 22. Ka1 Rcc8 23. g5 f5 24. h5 Qc7 25. N1d2 Nb6 26. hxg6 Bxg6 27. Nh4 Nc4 28. Nxc4 dxc4 29. Bxf5 c3 30. Bxc8 Rxc8 31. Nxg6 cxb2+ 32. Kxb2 Qc3+ 33. Kb1 Rc6 34. Rh7+ Kg8 35. Qb3+ Qxb3+ 36. axb3 Kxh7 37. Nh4 Bf8 38. Rf1 Be7 39. g6+ Kg8 40. Nf5 Bg5 41. Rg1 Bf6 42. g7 Bxg7 43. Nxg7 f3 44. Nh5+ Kh7 45. Rf1 Rc3 46. Kb2 Rd3 47. Nf4 Rxd4 48. Rxf3 Rd7 49. Rg3 Rf7 50. Ne6 Re7 51. Nd4 Rd7 52. Kc3 Rc7+ 53. Kb4 Rd7 54. Nb5 a6 55. Nc3 b6 56. Kc4 Rc7+ 57. Kd5 Rc5+ 58. Kd6 Ra5 59. Kc6 b5 60. Nd5 Ra3 61. Kb6 a5 62. Kxb5 a4 63. Rg1 Rxb3+ 64. Kxa4 Rb7 65. Nf6+ Kh6 66. Ne4 Rg7 67. Rf1 Rg4 68. Rf6+ Kg7 69. Re6 Kf7 70. Re5 Rg1 71. Kb4 Rc1 72. Nc3 Kf6 73. Ra5 Rh1 74. Ne4+ Ke6 75. Kc4 Rc1+ 76. Kd3 Rd1+ 77. Ke2 Rh1 78. Ng5+ Kd6 79. Ke3 Re1+ 80. Kf4 Rf1+ 81. Nf3 Rb1 82. Nd2 Rh1 83. Ke3 Kc6 84. Rg5 Rh4 85. Ne4 Rh1 86. Rc5+ Kb6 87. Rc2 Ra1 88. Nd2 Rh1 89. Kd3 Rh4 90. Ne4 Rh1 91. Kd4 Rd1+ 92. Ke5 Rh1 93. Ng3 Rd1 94. Nf5 Re1+ 95. Kd5 Rd1+ 96. Nd4 Rh1 97. Kd6 Rh6+ 98. Ne6 Kb5 99. Rc1 Kb4 100. Kd5 Rh5+ 101. Ke4 Rh4+ 102. Nf4 Rh8 103. Nd5+ Kb5 104. Nc7+ Kb4 105. Nd5+ Kb5 106. Nc7+ Kb4 107. Kd5 Rh5+ 108. Kc6 Rh6+ 109. Kb7 Rh7 110. Kb6 Rh6+ 111. Rc6 Rxc6+ 112. Kxc6 1/2-1/2

[Event "Dabrowica Jastkow Memorial op"]
[Site "Dabrowica"]
[Date "2009.01.03"]
[Round "2.1"]
[White "Gora, Jan"]
[Black "Pyda, Zbigniew"]
[Result "0-1"]
[WhiteElo "1765"]
[BlackElo "2321"]
[PlyCount "99"]
[EventDate "2009.01.02"]
[EventType "swiss"]
[EventRounds "5"]
[EventCountry "POL"]
[SourceTitle "EXT 2023"]
[Source "ChessBase"]
[SourceDate "2022.10.05"]
[SourceVersion "1"]
[SourceVersionDate "2022.10.05"]
[SourceQuality "1"]

1. e4 c5 2. Nf3 Nc6 3. d4 cxd4 4. Nxd4 e5 5. Nb5 d6 6. N1c3 a6 7. Na3 b5 8. Nd5 Nf6 9. Bg5 Be7 10. Bxf6 Bxf6 11. c3 0-0 12. Nc2 Bg5 13. a4 bxa4 14. Rxa4 a5 15. Bc4 Kh8 16. 0-0 g6 17. f4 exf4 18. Nxf4 Rb8 19. b3 Bf6 20. Nd5 Be5 21. Nd4 Bd7 22. Ra2 a4 23. bxa4 Qh4 24. Nf3 Qxe4 25. Bb5 Nd4 26. Nxe5 dxe5 27. Nf6 Qe3+ 28. Kh1 Bxb5 29. axb5 Nxb5 30. Qe1 Qxe1 31. Rxe1 Nxc3 32. Rc2 Rb1 33. Rxb1 Nxb1 34. Rc1 Nd2 35. Rd1 Nb3 36. Kg1 Kg7 37. Rf1 Rc8 38. Nd7 e4 39. Nf6 Nd2 40. Rd1 Kxf6 41. Rxd2 Ke6 42. Kf1 f5 43. Ra2 Kf6 44. Ra6+ Kg5 45. Ra2 h5 46. g3 h4 47. Kg2 hxg3 48. hxg3 Kg4 49. Rf2 g5 50. Re2 0-1

[Event "Janow Lubelski Lasow Memorial 2nd"]
[Site "Janow Lubelski"]
[Date "2008.08.26"]
[Round "5.1"]
[White "Bucior, Tomasz"]
[Black "Pyda, Zbigniew"]
[Result "0-1"]
[WhiteElo "1938"]
[BlackElo "2315"]
[PlyCount "84"]
[EventDate "2008.08.23"]
[EventType "swiss"]
[EventRounds "9"]
[EventCountry "POL"]
[SourceTitle "EXT 2023"]
[Source "ChessBase"]
[SourceDate "2022.10.05"]
[SourceVersion "1"]
[SourceVersionDate "2022.10.05"]
[SourceQuality "1"]

1. d4 f5 2. e4 fxe4 3. Nc3 Nf6 4. Bg5 c6 5. Bxf6 exf6 6. Nxe4 d5 7. Nd2 Bd6 8. Bd3 Qe7+ 9. Qe2 Bg4 10. Qxe7+ Kxe7 11. Ngf3 Nd7 12. 0-0 Kf7 13. Rfe1 Nf8 14. g3 Ng6 15. Kg2 Rhe8 16. Rxe8 Rxe8 17. Re1 Rc8 18. c3 Ne7 19. Nf1 g6 20. Ne3 Be6 21. Nc2 b6 22. Rc1 Rc7 23. Re1 h5 24. h4 Rc8 25. Ne3 Rg8 26. Rh1 c5 27. Kf1 c4 28. Bc2 b5 29. a3 a5 30. Nd1 b4 31. axb4 axb4 32. b3 Bg4 33. Kg2 Ra8 34. cxb4 cxb3 35. Bd3 Ra1 36. Rf1 Bxb4 37. Ne3 b2 38. Bb1 Ke6 39. Nc2 Bc3 40. Ne3 Nf5 41. Nc2 Nd6 42. Rd1 Nc4 0-1

[Event "POL-chT 59th"]
[Site "Lubniewice"]
[Date "2003.09.06"]
[Round "8"]
[White "Nurkiewicz, Maciej"]
[Black "Pyda, Zbigniew"]
[Result "1-0"]
[WhiteElo "2363"]
[BlackElo "2326"]
[PlyCount "105"]
[EventDate "2003.08.30"]
[EventType "team-tourn"]
[EventRounds "9"]
[EventCountry "POL"]
[SourceTitle "EXT 2019"]
[Source "ChessBase"]
[SourceDate "2018.10.10"]
[SourceVersion "1"]
[SourceVersionDate "2018.10.10"]
[SourceQuality "1"]
[WhiteTeam "Grodzisk Polfa Mazowiecki"]
[BlackTeam "Lublin UMCS"]
[WhiteTeamCountry "POL"]
[BlackTeamCountry "POL"]

1. e4 c5 2. Nf3 Nc6 3. d4 cxd4 4. Nxd4 Nf6 5. Nc3 e5 6. Ndb5 d6 7. Bg5 a6 8. Na3 b5 9. Nd5 Be7 10. Bxf6 Bxf6 11. c3 0-0 12. Nc2 Bg5 13. a4 bxa4 14. Rxa4 a5 15. Bc4 Rb8 16. b3 Kh8 17. 0-0 Bd7 18. Ra2 g6 19. Qd3 f5 20. exf5 gxf5 21. f4 Bh6 22. Kh1 Qh4 23. Ne1 exf4 24. Nf3 Qg4 25. Nc7 Rf6 26. Re1 Bf8 27. Qd5 Rc8 28. Ne6 Re8 29. Nxf8 Rxe1+ 30. Nxe1 Rxf8 31. Qxd6 Qg7 32. Nf3 Rd8 33. Re2 Qxc3 34. h4 Qg7 35. Ng5 Rf8 36. Bd5 f3 37. Nxf3 Rf6 38. Qc7 Nb4 39. Qd8+ Rf8 40. Qxa5 Nd3 41. Qd2 Nc5 42. Ng5 h6 43. Nf7+ Rxf7 44. Bxf7 Ne4 45. Rxe4 fxe4 46. Qxd7 Qa1+ 47. Kh2 Qe5+ 48. Kh3 Qc3+ 49. g3 Qf3 50. Qc8+ Kg7 51. Qg4+ Kxf7 52. Qxf3+ exf3 53. g4 1-0